MATLAB and Simulink for engineers / (Record no. 4492)

MARC details
000 -LEADER
fixed length control field 00687cam a22002292 4500
001 - CONTROL NUMBER
control field 0000024213
005 - DATE AND TIME OF LATEST TRANSACTION
control field 20151217145946.0
008 - FIXED-LENGTH DATA ELEMENTS--GENERAL INFORMATION
fixed length control field 130619s xx 000 0 eng d
020 ## - INTERNATIONAL STANDARD BOOK NUMBER
International Standard Book Number 0198072449 :
040 ## - CATALOGING SOURCE
Original cataloging agency KABU
Transcribing agency KABU
100 1# - MAIN ENTRY--PERSONAL NAME
Personal name Tyagi, Agam Kumar.
-- 0000184182
245 10 - TITLE STATEMENT
Title MATLAB and Simulink for engineers /
Statement of responsibility, etc. Agam Kumar Tyagi.
250 ## - EDITION STATEMENT
Edition statement 1st ed.
260 ## - PUBLICATION, DISTRIBUTION, ETC. (IMPRINT)
Place of publication, distribution, etc. Oxford :
Name of publisher, distributor, etc. O. U. P.,
Date of publication, distribution, etc. 2012.
300 ## - PHYSICAL DESCRIPTION
Extent xvi, 452 p. +
Accompanying material 1 CD-ROM.
650 #0 - SUBJECT ADDED ENTRY--TOPICAL TERM
Topical term or geographic name as entry element MATLAB.
-- 0000178292
650 #0 - SUBJECT ADDED ENTRY--TOPICAL TERM
Topical term or geographic name as entry element SIMULINK.
-- 0000184183
650 #0 - SUBJECT ADDED ENTRY--TOPICAL TERM
Topical term or geographic name as entry element Engineering
General subdivision Computer prorams.
-- 0000184184
852 1# - LOCATION
-- p2268 KES
908 ## - PUT COMMAND PARAMETER (RLIN)
Put command parameter 130619
950 ## - LOCAL HOLDINGS (RLIN)
-- 1
Holdings
Withdrawn status Lost status Source of classification or shelving scheme Not for loan Home library Current library Date acquired Total Checkouts Full call number Barcode Date last seen Date last checked out Price effective from Koha item type
    Library of Congress Classification   Kabarak, Main Campus Kabarak, Main Campus 17/12/2015 1 TA345 .T93 2012 c. 2 016177 17/10/2016 07/10/2016 17/12/2015 General Collection
    Library of Congress Classification   Kabarak, Main Campus Kabarak, Main Campus 17/12/2015   TA345 .T93 2012 c. 1 015691 17/12/2015   17/12/2015 General Collection
Designed with assistance from East African Informatics Ltd